书目信息 |
| 题名: |
朱熹、王守仁教育名著导读
|
|
| 作者: | 李娟 著 | |
| 分册: | ||
| 出版信息: | 长春 吉林文史出版社 2015.12 |
|
| 页数: | 184页 | |
| 开本: | 24cm | |
| 丛书名: | 中外教育名著导读书系 | |
| 单 册: | ||
| 中图分类: | G40-092.44 | |
| 科图分类: | ||
| 主题词: | ||
| 电子资源: | ||
| ISBN: | 978-7-5472-1779-5 | |
| 000 | 01039nam 2200265 450 | |
| 001 | 0104125650 | |
| 005 | 20201104125714.0 | |
| 010 | @a978-7-5472-1779-5@dCNY39.80 | |
| 100 | @a20160324e20192015em y0chiy50 ea | |
| 101 | 0 | @achi |
| 102 | @aCN@b220000 | |
| 105 | @ay z 000yy | |
| 106 | @ar | |
| 200 | 1 | @a朱熹、王守仁教育名著导读@Azhu xi、wang shou ren jiao yu ming zhu dao du@f李娟著 |
| 210 | @a长春@c吉林文史出版社@d2015.12@h2019.12 | |
| 215 | @a184页@d24cm | |
| 225 | 2 | @a中外教育名著导读书系@Azhong wai jiao yu ming zhu dao du shu xi@f王凌皓主编 |
| 330 | @a本书选取了朱熹、王守仁二人重要的教育代表著作,如《四书集注》、《近思录》、《传习录》等,通过对原著的再现、教育分析和解读,展示二人的教育思想。 | |
| 461 | 0 | @12001 @a中外教育名著导读书系 |
| 600 | 0 | @a朱熹@Azhu xi@f(1130-1200)@x教育学@x名著@x介绍 |
| 600 | 0 | @a王守仁@Awang shou ren@f(1472-1528)@x教育学@x名著@x介绍 |
| 690 | @aG40-092.44@v5 | |
| 701 | 0 | @a李娟@Ali juan@c(女,@f1976-)@4著 |
| 801 | 0 | @aCN@bBJSZM@c20201104 |
| 905 | @b1262127-30@dG40-092.44@e1135@f4 | |
| 朱熹、王守仁教育名著导读/李娟著.-长春:吉林文史出版社,2015.12(2019.12) |
| 184页;24cm.-(中外教育名著导读书系/王凌皓主编) |
| ISBN 978-7-5472-1779-5:CNY39.80 |
| 本书选取了朱熹、王守仁二人重要的教育代表著作,如《四书集注》、《近思录》、《传习录》等,通过对原著的再现、教育分析和解读,展示二人的教育思想。 |
| ● |
| 相关链接 |
|
|
|
|
正题名:朱熹、王守仁教育名著导读
索取号:G40-092.44/1135
 
预约/预借
| 序号 | 登录号 | 条形码 | 馆藏地/架位号 | 状态 | 备注 |
| 1 | 1262127 | 212621279 | 第一样本阅览室/ [索取号:G40-092.44/1135] | 在馆 | |
| 2 | 1262128 | 212621288 | 教育系资料室/ [索取号:G40-092.44/1135] | 在馆 | |
| 3 | 1262129 | 212621297 | 教育系资料室/ [索取号:G40-092.44/1135] | 在馆 | |
| 4 | 1262130 | 212621304 | 第四借阅区/ [索取号:G40-092.44/1135] | 在馆 |